| 000 -CABECERA |
| Longitud fija campo de control |
00870nam a22002177a 4500 |
| 003 - IDENTIFICADOR DEL NÚMERO DE CONTROL |
| Identificador del número de control |
OSt |
| 005 - FECHA Y HORA DE LA ÚLTIMA TRANSACCIÓN |
| Fecha y hora de la última transacción |
20151026133603.0 |
| 008 - CÓDIGOS DE INFORMACIÓN DE LONGITUD FIJA |
| Códigos de información de longitud fija |
130716s2011 sp ||||| |||| 00| 0 spa d |
| 040 ## - FUENTE DE LA CATALOGACIÓN |
| Centro transcriptor |
CDMR |
| 100 1# - PUNTO DE ACCESO PRINCIPAL-NOMBRE DE PERSONA |
| 9 (RLIN) |
3957 |
| Nombre de persona |
Arce Barceló, María Esther |
| 245 10 - MENCIÓN DE TÍTULO |
| Título |
Análisis del periódico mexicano "La Jornada" |
| Resto del título |
: un modelo de comunicación alternativa en la era de la globalización |
| Mención de responsabilidad, etc. |
María Esther Arce Barceló ; |
| Medio |
[recurs electrònic] |
| 260 ## - PUBLICACIÓN, DISTRIBUCIÓN, ETC. (PIE DE IMPRENTA) |
| Fecha de publicación, distribución, etc. |
2011 |
| Lugar de publicación, distribución, etc. |
Murcia |
| 300 ## - DESCRIPCIÓN FÍSICA |
| Extensión |
556 p. |
| 502 ## - NOTA DE TESIS |
| Nota de tesis |
Tesi doctoral defensada el 27 d'octubre de 2011 |
| Nombre de la institución que otorga el tí,tulo |
Universidad de Murcia. Departamento de Información y Documentación |
| 610 2# - PUNTO DE ACCESO ADICIONAL DE MATERIA - NOMBRE DE ENTIDAD CORPORATIVA |
| 9 (RLIN) |
3958 |
| Nombre de entidad corporativa o nombre de jurisdicción como elemento inicial |
La Jornada (Diari) |
| 650 04 - PUNTO DE ACCESO ADICIONAL DE MATERIA - TÉRMINO DE MATERIA |
| 9 (RLIN) |
2994 |
| Término de materia o nombre geográfico como elemento inicial |
Tesis i dissertacions acadèmiques |
| 700 1# - PUNTO DE ACCESO ADICIONAL - NOMBRE DE PERSONA |
| 9 (RLIN) |
3960 |
| Nombre de persona |
Cruz Bermejo, Ángel de la |
| 700 1# - PUNTO DE ACCESO ADICIONAL - NOMBRE DE PERSONA |
| 9 (RLIN) |
3961 |
| Nombre de persona |
Hellín Ortuño, Pedro Antonio |
| 710 2# - PUNTO DE ACCESO ADICIONAL - NOMBRE DE ENTIDAD |
| 9 (RLIN) |
3959 |
| Nombre de entidad o nombre de jurisdicción como elemento inicial |
Universidad de Murcia |
| 942 ## - ENTRADA DE ELEMENTOS AGREGADOS (KOHA) |
| Fuente de clasificaión o esquema |
|
| Koha [por defecto] tipo de item |
Tesines en línia |